000
00313nam a22001337a 4500
008
181204b xxu||||| |||| 00| 0 eng d
020
_a
0944838022
041
_a
eng
080
_a
510
100
_a
38
101
_a
MAT
245
_a
A Non Mathematical Approach To Basic Mri
_c
Smith.H.J
942
_2
udc
_c
BK
999
_c
52760
_d
52760